| 000 | 00642nam a2200241 i 4500 | ||
|---|---|---|---|
| 001 | bg | ||
| 100 | 1 | _aIcha, Andrzej. | |
| 245 | 1 | 0 |
_aLATEX 2E dla matematyków / _cAndrzej Icha. |
| 260 |
_aSłupsk : _bWydawnictwo Naukowe Akademii Pomorskiej, _c2007. |
||
| 300 |
_a184 s. ; _c25 cm. |
||
| 504 | _aBibliogr. s. 175-180. Indeks. | ||
| 650 | 9 | _aLATEX | |
| 655 | _aPodręczniki akademickie | ||
| 015 | _aPB 25255/2007 | ||
| 020 | _a9788374670425 | ||
| 040 | _cBPK | ||
| 041 | _apol | ||
| 044 | _aPOL | ||
| 080 | _a004.42:004.915](075.8) | ||
| 920 | _a978-83-7467-042-5 | ||
| 942 | _cKS | ||
| 008 | 090511s2007 pl f f |001 0 pol | ||
| 999 |
_c56326 _d56326 |
||
| 856 |
_uhttp://koha.tu.koszalin.pl/cgi-bin/koha/opac-detail.pl?biblionumber=56326 _yKatalog online BPK |
||